Workshop Technology Part-I (Record no. 8098)
[ view plain ]
| 000 -LEADER | |
|---|---|
| fixed length control field | 00279nam a2200109Ia 4500 |
| 008 - FIXED-LENGTH DATA ELEMENTS--GENERAL INFORMATION | |
| fixed length control field | 191201s2013 xx 000 0 und d |
| 100 ## - MAIN ENTRY--PERSONAL NAME | |
| Personal name | BAJAJ, Sandeep |
| 245 #0 - TITLE STATEMENT | |
| Title | Workshop Technology Part-I |
| 260 ## - PUBLICATION, DISTRIBUTION, ETC. (IMPRINT) | |
| Date of publication, distribution, etc | 2013 |
| Name of publisher, distributor, etc | Ishan Publications |
| Place of publication, distribution, etc | NEW DELHI |
| 300 ## - PHYSICAL DESCRIPTION | |
| Extent | 300 |
| 942 ## - ADDED ENTRY ELEMENTS (KOHA) | |
| Source of classification or shelving scheme | Dewey Decimal Classification |
| Koha item type | Text Books |
| 942 ## - ADDED ENTRY ELEMENTS (KOHA) | |
| -- | 8 |
| Withdrawn status | Lost status | Source of classification or shelving scheme | Damaged status | Not for loan | Collection code | Home library | Current library | Date acquired | Source of acquisition | Cost, normal purchase price | Serial Enumeration / chronologySerial Enumeration / Volume No. | Bill Number | Total Checkouts | Full call number | Acc. no. / Barcode | Date last seen | Date last borrowed | Bill Date | Koha item type | Checked out |
|---|---|---|---|---|---|---|---|---|---|---|---|---|---|---|---|---|---|---|---|---|
| Dewey Decimal Classification | Diploma in Mechanical | PIET C-LIBRARY | PIET C-LIBRARY | 04/05/2013 | ISHAN Jalander | 190.00 | 1 | IP/0060/AMB | 3 | 670 BAW | DE801 | 03/07/2023 | 19/06/2023 | 04/05/2013 | Text Books | |||||
| Dewey Decimal Classification | Diploma in Mechanical | PIET C-LIBRARY | PIET C-LIBRARY | 04/05/2013 | ISHAN Jalander | 190.00 | 1 | IP/0060/AMB | 1 | 670 BAW | DE802 | 17/04/2023 | 03/04/2023 | 04/05/2013 | Text Books | |||||
| Dewey Decimal Classification | Diploma in Mechanical | PIET C-LIBRARY | PIET C-LIBRARY | 04/05/2013 | ISHAN Jalander | 190.00 | 1 | IP/0060/AMB | 670 BAW | DE803 | 04/12/2019 | 04/05/2013 | Text Books | |||||||
| Dewey Decimal Classification | Diploma in Mechanical | PIET C-LIBRARY | PIET C-LIBRARY | 04/05/2013 | ISHAN Jalander | 190.00 | 1 | IP/0060/AMB | 1 | 670 BAW | DE804 | 12/11/2021 | 29/10/2021 | 04/05/2013 | Text Books | |||||
| Dewey Decimal Classification | Diploma in Mechanical | PIET C-LIBRARY | PIET C-LIBRARY | 04/05/2013 | ISHAN Jalander | 190.00 | 1 | IP/0060/AMB | 670 BAW | DE805 | 04/12/2019 | 04/05/2013 | Text Books | |||||||
| Dewey Decimal Classification | Diploma in Mechanical | PIET C-LIBRARY | PIET C-LIBRARY | 04/05/2013 | ISHAN Jalander | 190.00 | 1 | IP/0060/AMB | 670 BAW | DE806 | 04/12/2019 | 04/05/2013 | Text Books | |||||||
| Dewey Decimal Classification | Diploma in Mechanical | PIET C-LIBRARY | PIET C-LIBRARY | 04/05/2013 | ISHAN Jalander | 190.00 | 1 | IP/0060/AMB | 670 BAW | DE807 | 04/12/2019 | 04/05/2013 | Text Books | |||||||
| Dewey Decimal Classification | Diploma in Mechanical | PIET C-LIBRARY | PIET C-LIBRARY | 04/05/2013 | ISHAN Jalander | 190.00 | 1 | IP/0060/AMB | 1 | 670 BAW | DE808 | 22/10/2020 | 22/10/2020 | 04/05/2013 | Text Books | 05/11/2020 | ||||
| Dewey Decimal Classification | Diploma in Mechanical | PIET C-LIBRARY | PIET C-LIBRARY | 04/05/2013 | ISHAN Jalander | 190.00 | 1 | IP/0060/AMB | 1 | 670 BAW | DE809 | 19/06/2023 | 05/06/2023 | 04/05/2013 | Text Books | |||||
| Dewey Decimal Classification | Diploma in Mechanical | PIET C-LIBRARY | PIET C-LIBRARY | 04/05/2013 | ISHAN Jalander | 190.00 | 1 | IP/0060/AMB | 1 | 670 BAW | DE810 | 16/08/2023 | 01/08/2023 | 04/05/2013 | Text Books | |||||
| Dewey Decimal Classification | Diploma in Mechanical | PIET C-LIBRARY | PIET C-LIBRARY | 04/05/2013 | ISHAN Jalander | 190.00 | 1 | IP/0060/AMB | 1 | 670 BAW | DE811 | 18/11/2020 | 07/01/2020 | 04/05/2013 | Text Books | |||||
| Dewey Decimal Classification | Diploma in Mechanical | PIET C-LIBRARY | PIET C-LIBRARY | 04/05/2013 | ISHAN Jalander | 190.00 | 1 | IP/0060/AMB | 670 BAW | DE812 | 04/12/2019 | 04/05/2013 | Text Books | |||||||
| Dewey Decimal Classification | Diploma in Mechanical | PIET C-LIBRARY | PIET C-LIBRARY | 04/05/2013 | ISHAN Jalander | 190.00 | 1 | IP/0060/AMB | 1 | 670 BAW | DE813 | 05/06/2023 | 22/05/2023 | 04/05/2013 | Text Books | |||||
| Dewey Decimal Classification | Diploma in Mechanical | PIET C-LIBRARY | PIET C-LIBRARY | 04/05/2013 | ISHAN Jalander | 190.00 | 1 | IP/0060/AMB | 1 | 670 BAW | DE814 | 27/03/2023 | 20/03/2023 | 04/05/2013 | Text Books | |||||
| Dewey Decimal Classification | Diploma in Mechanical | PIET C-LIBRARY | PIET C-LIBRARY | 04/05/2013 | ISHAN Jalander | 190.00 | 1 | IP/0060/AMB | 2 | 670 BAW | DE815 | 31/07/2023 | 03/07/2023 | 04/05/2013 | Text Books | |||||
| Dewey Decimal Classification | Diploma in Mechanical | PIET C-LIBRARY | PIET C-LIBRARY | 04/05/2013 | ISHAN Jalander | 190.00 | 1 | IP/0060/AMB | 670 BAW | DE816 | 04/12/2019 | 04/05/2013 | Text Books | |||||||
| Dewey Decimal Classification | Diploma in Mechanical | PIET C-LIBRARY | PIET C-LIBRARY | 04/05/2013 | ISHAN Jalander | 190.00 | 1 | IP/0060/AMB | 1 | 670 BAW | DE817 | 03/04/2023 | 20/03/2023 | 04/05/2013 | Text Books | |||||
| Dewey Decimal Classification | Diploma in Mechanical | PIET C-LIBRARY | PIET C-LIBRARY | 04/05/2013 | ISHAN Jalander | 190.00 | 1 | IP/0060/AMB | 670 BAW | DE818 | 04/12/2019 | 04/05/2013 | Text Books | |||||||
| Dewey Decimal Classification | Diploma in Mechanical | PIET C-LIBRARY | PIET C-LIBRARY | 04/05/2013 | ISHAN Jalander | 190.00 | 1 | IP/0060/AMB | 2 | 670 BAW | DE819 | 04/06/2026 | 04/06/2026 | 04/05/2013 | Text Books | 18/06/2026 | ||||
| Dewey Decimal Classification | Diploma in Mechanical | PIET C-LIBRARY | PIET C-LIBRARY | 04/05/2013 | ISHAN Jalander | 190.00 | 1 | IP/0060/AMB | 670 BAW | DE820 | 04/12/2019 | 04/05/2013 | Text Books | |||||||
| Dewey Decimal Classification | Diploma in Mechanical | PIET C-LIBRARY | PIET C-LIBRARY | 04/05/2013 | ISHAN Jalander | 190.00 | 1 | IP/0060/AMB | 1 | 670 BAW | DE821 | 22/10/2020 | 22/10/2020 | 04/05/2013 | Text Books | 05/11/2020 | ||||
| Dewey Decimal Classification | Diploma in Mechanical | PIET C-LIBRARY | PIET C-LIBRARY | 04/05/2013 | ISHAN Jalander | 190.00 | 1 | IP/0060/AMB | 670 BAW | DE822 | 04/12/2019 | 04/05/2013 | Text Books | |||||||
| Dewey Decimal Classification | Diploma in Mechanical | PIET C-LIBRARY | PIET C-LIBRARY | 04/05/2013 | ISHAN Jalander | 190.00 | 1 | IP/0060/AMB | 670 BAW | DE823 | 04/12/2019 | 04/05/2013 | Text Books | |||||||
| Dewey Decimal Classification | Diploma in Mechanical | PIET C-LIBRARY | PIET C-LIBRARY | 04/05/2013 | ISHAN Jalander | 190.00 | 1 | IP/0060/AMB | 1 | 670 BAW | DE824 | 04/06/2026 | 04/06/2026 | 04/05/2013 | Text Books | 18/06/2026 | ||||
| Dewey Decimal Classification | Diploma in Mechanical | PIET C-LIBRARY | PIET C-LIBRARY | 04/05/2013 | ISHAN Jalander | 190.00 | 1 | IP/0060/AMB | 670 BAW | DE825 | 04/12/2019 | 04/05/2013 | Text Books | |||||||
| Dewey Decimal Classification | Diploma in Mechanical | PIET C-LIBRARY | PIET C-LIBRARY | 04/05/2013 | ISHAN Jalander | 190.00 | 1 | IP/0060/AMB | 1 | 670 BAW | DE826 | 18/12/2019 | 11/12/2019 | 04/05/2013 | Text Books | |||||
| Dewey Decimal Classification | Diploma in Mechanical | PIET C-LIBRARY | PIET C-LIBRARY | 04/05/2013 | ISHAN Jalander | 190.00 | 1 | IP/0060/AMB | 670 BAW | DE827 | 04/12/2019 | 04/05/2013 | Text Books | |||||||
| Dewey Decimal Classification | Diploma in Mechanical | PIET C-LIBRARY | PIET C-LIBRARY | 04/05/2013 | ISHAN Jalander | 190.00 | 1 | IP/0060/AMB | 4 | 670 BAW | DE828 | 06/07/2023 | 14/06/2023 | 04/05/2013 | Text Books | |||||
| Dewey Decimal Classification | Diploma in Mechanical | PIET C-LIBRARY | PIET C-LIBRARY | 04/05/2013 | ISHAN Jalander | 190.00 | 1 | IP/0060/AMB | 1 | 670 BAW | DE829 | 02/05/2023 | 17/04/2023 | 04/05/2013 | Text Books | |||||
| Dewey Decimal Classification | Diploma in Mechanical | PIET C-LIBRARY | PIET C-LIBRARY | 04/05/2013 | ISHAN Jalander | 190.00 | 1 | IP/0060/AMB | 670 BAW | DE830 | 04/12/2019 | 04/05/2013 | Text Books |